02176nmc a2200625 a 4500003000900000005001700009008004100026020003400067040001300101100002000114245003300134250001200167260005600179300001900235490001600254500005000270500013300320504004200453505007200495505008100567505004200648505006300690505004600753505005200799505005800851505003600909505003700945505003700982505003301019505003301052505002701085505003601112650002301148650002501171650001701196650002101213650002601234650002101260650001401281650001301295650001201308650002501320650001701345651002101362651001301383651001301396651001101409651001001420651002201430651002201452651001301474651002201487800001901509800002201528AR-BaBNM20251128211820.0046020s1997 ||||||||||||||000 | spa|| a84-7423-435-2 [obra completa] cAR-BaBNM1 aBethell, Leslie10aHistoria de América Latina a1ª ed. aBarcelonabCríticabGrijalbo Mondadoric1997-20030 av.bil., mapas 0aSerie Mayor1 aLa biblioteca posee los vols. 1-4, 6, 8, 9-160 aLos vols. 1-11 pertenecen a la 1ª edición rústica. Los vols. 12-16 corresponden a la 1ª edición encuadernada de la obra. aContiene referencias bibliográficas tAmérica Latina colonial: la América precolombina y la conquista tAmérica Latina colonial: Europa y América en los siglos XVI, XVII, XVIII tAmérica Latina colonial: Economía tAmérica Latina colonial: población, sociedad y cultura tAmérica Latina independiente, 1820-1870 tAmérica Latina, cultura y sociedad: 1830-1930 tMéxico, América Central y el Caribe: c. 1870-1930 tAmérica del Sur: c. 1870-1930 tEconomía y sociedad desde 1930 tPolítica y sociedad desde 1930 tMéxico y Caribe desde 1930 tAmérica Central desde 1930 tEl cono sur desde 1930 tLos países andinos desde 1930 4aHISTORIA AMERICANA 4aCONQUISTA DE AMERICA 4aCOLONIZACION 4aIGLESIA CATOLICA 4aECONOMIA DE LA TIERRA 4aPERIODO COLONIAL 4aPOBLACION 4aSOCIEDAD 4aCULTURA 4aIDEOLOGIAS POLITICAS 4aSIGLO VEINTE 4aAmérica Latina 4aEspaña 4aPortugal 4aBrasil 4aChile 4aAmérica Central 4aAmérica del Sur 4aMéxico 4aRío de la Plata1 aFontana, Josep1 aPontón, Gonzalo